000 01847nam a2200529 i 4500
001 53703
003 KOSZ 005
005 20221124122608.0
008 070706s2005 pl f |001 0 pol
015 _aUWD 2007/19305
020 _a8374881003
035 _a991034754429705066
035 _a(PL-WaBN)b19353157-48omnis_nlop
035 _ab19353157
035 _a(OCoLC)749428188
035 _azz2005770658
035 _a(PL)b0000001935315
035 _a(EXLNZ-48OMNIS_NETWORK)9910383287605606
040 _aWA N
_cWA N
_dKOSZ 005/HR
046 _k2005
080 _a378.22
100 1 _aWojcik, Krystyna
_eAutor
245 1 0 _aPiszę akademicką pracę promocyjną :
_blicencjacką, magisterską, doktorską /
_cKrystyna Wojcik.
250 _aWyd. 7 zm. i rozsz.
260 _aWarszawa :
_bWydawnictwo Placet,
_c2005.
300 _a135 s. ;
_c24 cm.
336 _aTekst
_btxt
_2rdacontent
337 _aBez urządzenia pośredniczącego
_bn
_2rdamedia
338 _aWolumin
_bnc
_2rdacarrier
380 _aKsiążki
380 _aPublikacje dydaktyczne
385 _mPoziom nauczania
_aSzkoły wyższe
388 _a2001-
500 _aWyd. 6 pt.: Piszę pracę magisterską : poradnik dla autorów akademickich prac promocyjnych (licencjackich, magisterskich, doktorskich).
504 _aBibliogr. s. 129-131. Indeks.
650 7 _aMetodologia
655 7 _aPoradnik
_2DBN
655 7 _aPraca licencjacka
655 7 _aPraca magisterska
655 7 _aRozprawa doktorska
658 _aNauka i badania
710 2 _aWydawnictwo Placet
_4pbl
856 _uhttp://koha.tu.koszalin.pl/cgi-bin/koha/opac-detail.pl?biblionumber=53703
_yKatalog online BPK
856 _uhttp://libra.ibuk.pl/reader/210315
_yIBUK
942 _2UKD
_cKS
999 _c53703
_d53703